000 00840nab a2200253 u 4500
001 11524
003 HDC
007 cr bn ---aaaaa
008 210207b2015mmddmy |||no |||| 00| 0 eng d
040 _aHDC
100 _aRushdi Siddiqui
_96270
245 0 _aTaking the religion out of halal /
_cRushdi Siddiqui
260 _aMalaysia:
_bThe Edge Media Group,
_c2015
300 _a1 online resource
336 _atext
_2rdacontent
337 _acomputer
_2rdamedia
338 _aonline resource
_2rdacarrier
650 _aEconomics--
_xReligious aspects
_xIslam
_9440
710 _aThe Malaysian Insider
856 _zRequest full-text at [email protected]
942 _2lcc
942 _cNEWS
942 _kNWSO 000664
999 _c8847
_d8847